Elton John's Greatest Hits - Statistics

General Stats
  • This quiz has been taken 202 times
  • The average score is 5 of 10
Answer Stats
Songs Answer % Correct
1 Your Song
86%
6 Rocket Man
80%
10 Crocodile Rock
74%
4 Goodbye Yellow Brick Road
72%
7 Bennie and the Jets
62%
2 Daniel
49%
8 Don't Let the Sun Go Down on Me
38%
3 Honky Cat
34%
5 Saturday Night's Alright For Fighting
30%
9 Border Song
21%
No matching quizzes found
Score Distribution
Percent of People with Each Score
Percentile by Number Answered
Your Score History
You have not taken this quiz